[Event "MCRE_PF18"]
[Site "?"]
[Date "2004.??.??"]
[Round "?"]
[White "Kohler, Josef"]
[Black "Koci, Vladimir"]
[Result "1-0"]
[WhiteElo "2253"]
[BlackElo "2270"]
[PlyCount "65"]
[EventDate "2004.??.??"]
[EventType "corr"]
[EventRounds "2"]
[SourceDate "2005.03.12"]

1. c4 g6 2. Nc3 Bg7 3. d4 e6 4. Nf3 Ne7 5. e4 d5 6. e5 dxc4 7. Bxc4 Nd7 8. O-O
Nb6 9. Bd3 O-O 10. Be4 Nbd5 11. Bg5 Qd7 12. Qd2 Re8 13. Rfc1 c6 14. Bc2 Nxc3
15. bxc3 b5 16. Bh6 Bh8 17. a4 bxa4 18. Bxa4 Bb7 19. Ne1 Nc8 20. Nd3 Nb6 21.
Nc5 Qc7 22. Qf4 Nd7 23. Ne4 Bg7 24. Nd6 Rf8 25. Bxg7 Kxg7 26. Rcb1 Rab8 27. Ra3
a5 28. c4 Ba8 29. Rd1 Qd8 30. Rh3 h5 31. c5 Rb2 32. Bb3 Qb8 33. Rxh5 1-0

[Event "MCRE_PF18"]
[Site "?"]
[Date "2004.??.??"]
[Round "?"]
[White "Kohler, Josef"]
[Black "Splichal, Josef"]
[Result "0-1"]
[WhiteElo "2253"]
[BlackElo "2279"]
[PlyCount "118"]
[EventDate "2004.??.??"]
[EventType "corr"]
[EventRounds "2"]
[SourceDate "2005.03.12"]

1. c4 Nf6 2. Nc3 c5 3. g3 g6 4. Bg2 Bg7 5. Nf3 Nc6 6. O-O O-O 7. d4 cxd4 8.
Nxd4 Qb6 9. Nc2 d6 10. b3 Qc5 11. Rb1 Bf5 12. e4 Bd7 13. h3 Ne5 14. a3 Rfd8 15.
Kh1 Rac8 16. f4 Nc6 17. Nd5 Nxd5 18. exd5 Nb8 19. Be3 Qa5 20. Nd4 Qxa3 21. Ra1
Qb4 22. Rxa7 Na6 23. Qe1 Rb8 24. Qxb4 Nxb4 25. Kh2 Re8 26. g4 Nd3 27. Kg3 Nb4
28. Rd1 Bf6 29. g5 Bg7 30. Bf2 Na6 31. h4 h6 32. gxh6 Bxh6 33. Ra1 Nc5 34. R1a3
Bc8 35. b4 Na6 36. Ra4 Bg7 37. Be4 Rf8 38. Nb3 Nc7 39. Ra2 e5 40. Bb6 Ne8 41.
c5 exf4+ 42. Kxf4 Be5+ 43. Ke3 dxc5 44. bxc5 Nf6 45. Na5 Re8 46. Bf3 Bg3+ 47.
Kd4 Nd7 48. h5 Be5+ 49. Kc4 Nxb6+ 50. cxb6 f6 51. Rg2 g5 52. Bg4 Rd8 53. Kc5
Bxg4 54. Rxg4 Rbc8+ 55. Nc6 Rd7 56. Rc4 Kh7 57. Kb5 Bh2 58. d6 Bxd6 59. Rxb7
Rxb7 0-1

[Event "MCRE_PF18"]
[Site "?"]
[Date "2004.??.??"]
[Round "?"]
[White "Kohler, Josef"]
[Black "Thoma, Otomar"]
[Result "1-0"]
[WhiteElo "2253"]
[BlackElo "2273"]
[PlyCount "75"]
[EventDate "2004.??.??"]
[EventType "corr"]
[EventRounds "2"]
[SourceDate "2005.03.12"]

1. c4 e5 2. Nc3 Nc6 3. Nf3 Nf6 4. g3 Bc5 5. Bg2 O-O 6. O-O d6 7. d3 h6 8. a3 a5
9. e3 Bb6 10. b3 Bf5 11. h3 Qd7 12. Kh2 Rfe8 13. Bb2 Rad8 14. Qd2 Bg6 15. Rac1
Re7 16. Ng1 Rde8 17. Nge2 Nd8 18. Na4 Ba7 19. Rcd1 Nc6 20. Nec3 b6 21. Ne2 Nd8
22. Nac3 c6 23. d4 exd4 24. Nxd4 Bb8 25. b4 axb4 26. axb4 Ne4 27. Qc1 d5 28.
cxd5 c5 29. bxc5 Nxc5 30. Ba3 Re5 31. Bxc5 bxc5 32. Nc6 Nxc6 33. dxc6 Qe6 34.
Rd7 Bf5 35. Rfd1 Qg6 36. Rb7 Bd6 37. Nb5 Be7 38. c7 1-0

[Event "MCRE_PF18"]
[Site "?"]
[Date "2004.??.??"]
[Round "?"]
[White "Kohler, Josef"]
[Black "Toman, Antonin"]
[Result "1/2-1/2"]
[WhiteElo "2253"]
[BlackElo "2199"]
[PlyCount "113"]
[EventDate "2004.??.??"]
[EventType "corr"]
[EventRounds "2"]
[SourceDate "2005.03.12"]

1. c4 e5 2. Nc3 Nf6 3. Nf3 Nc6 4. g3 Bb4 5. Bg2 O-O 6. O-O e4 7. Ng5 Bxc3 8.
bxc3 Re8 9. f3 exf3 10. Nxf3 d5 11. d4 Qe7 12. Bg5 dxc4 13. e4 h6 14. Bh4 Qa3
15. Bxf6 gxf6 16. Qd2 Rxe4 17. Ne5 Rxe5 18. dxe5 Nxe5 19. Rxf6 Qc5+ 20. Kh1 Ng4
21. Rf4 Be6 22. Re1 Qg5 23. Bf3 Ne5 24. Rxe5 Qxe5 25. Bxb7 Rb8 26. Be4 Qd6 27.
Qc1 Rd8 28. Kg2 a5 29. Qe3 Kg7 30. Qe2 Qd1 31. Rf2 Bd5 32. Bxd5 Qxe2 33. Rxe2
Rxd5 34. Re4 Rd2+ 35. Kh3 Rxa2 36. Rxc4 a4 37. Rxc7 Re2 38. Ra7 Re4 39. Kg2 h5
40. Ra6 h4 41. gxh4 Rxh4 42. Kg3 Rc4 43. Kf2 f6 44. Ke2 Rxc3 45. Rxa4 Rc2+ 46.
Kf3 Rxh2 47. Ra8 Rh4 48. Kg3 Rd4 49. Kf3 Kg6 50. Ra5 Rd2 51. Kf4 Rf2+ 52. Ke3
Rf1 53. Rb5 Rc1 54. Kf4 Rc4+ 55. Kf3 Ra4 56. Rd5 Rh4 57. Ra5 1/2-1/2

[Event "MCRE_PF18"]
[Site "?"]
[Date "2004.??.??"]
[Round "?"]
[White "Kohler, Josef"]
[Black "Zahour, Jiri"]
[Result "0-1"]
[WhiteElo "2253"]
[BlackElo "2212"]
[PlyCount "141"]
[EventDate "2004.??.??"]
[EventType "corr"]
[EventRounds "2"]
[SourceDate "2005.03.12"]

1. c4 Nf6 2. Nc3 e6 3. Nf3 Bb4 4. d4 b6 5. Qb3 c5 6. a3 Ba5 7. Bg5 h6 8. Bh4 g5
9. Bg3 g4 10. Nd2 cxd4 11. Nb5 Ne4 12. Nc7+ Ke7 13. O-O-O Bxd2+ 14. Rxd2 Nxd2
15. Kxd2 Bb7 16. Nxa8 Bxa8 17. h3 gxh3 18. Rxh3 f6 19. e3 Nc6 20. e4 Qg8 21.
Kc1 Nb8 22. Qd3 Qg6 23. Bd6+ Kf7 24. Qxd4 Nc6 25. Qd3 h5 26. f3 e5 27. Qd5+ Kg7
28. Bb4 Qe8 29. Bc3 Nd4 30. Rg3+ Kh7 31. Qd6 Qe6 32. Qb4 a5 33. Qa4 Qc6 34. Qd1
Ne6 35. Kb1 Bb7 36. Bd2 Qd6 37. Rh3 Kg8 38. Qc1 Kf7 39. Be3 Ke7 40. Rh4 Nd4 41.
Qd2 Bc6 42. Bxd4 exd4 43. Qd1 Qg3 44. Rh1 Qf2 45. Qc2 Qe3 46. Bd3 h4 47. c5 b5
48. Qd1 Qf2 49. g4 h3 50. Rf1 Qe3 51. Re1 Qg5 52. Qe2 h2 53. Rh1 Qe3 54. Qf1
Qd2 55. Be2 b4 56. Qd1 Qxd1+ 57. Bxd1 bxa3 58. bxa3 d6 59. cxd6+ Kxd6 60. Kb2
Ke5 61. Kc1 Kf4 62. Kd2 Kg3 63. Kd3 Kg2 64. Rxh2+ Kxh2 65. f4 Kg3 66. e5 Kxf4
67. exf6 Be4+ 68. Kc4 Rc8+ 69. Kb5 Rf8 70. g5 Kxg5 71. Kxa5 0-1

[Event "MCRE_PF18"]
[Site "?"]
[Date "2004.??.??"]
[Round "?"]
[White "Splichal, Josef"]
[Black "Glembek, Bohumir"]
[Result "1-0"]
[WhiteElo "2279"]
[BlackElo "2120"]
[PlyCount "35"]
[EventDate "2004.??.??"]
[EventType "corr"]
[EventRounds "2"]
[SourceDate "2005.03.12"]

1. e4 Nf6 2. e5 Nd5 3. d4 d6 4. c4 Nb6 5. f4 dxe5 6. fxe5 Bf5 7. Nc3 e6 8. Nf3
Nc6 9. Be3 Qd7 10. Be2 O-O-O 11. O-O Bg4 12. c5 Nd5 13. Nxd5 Qxd5 14. Ng5 Bxe2
15. Qxe2 Nxd4 16. Bxd4 Qxd4+ 17. Kh1 Qd1 18. Raxd1 1-0

[Event "MCRE_PF18"]
[Site "?"]
[Date "2004.??.??"]
[Round "?"]
[White "Splichal, Josef"]
[Black "Houska, Jiri"]
[Result "0-1"]
[WhiteElo "2279"]
[BlackElo "2200"]
[PlyCount "112"]
[EventDate "2004.??.??"]
[EventType "corr"]
[EventRounds "2"]
[SourceDate "2005.03.12"]

1. e4 e6 2. d4 d5 3. Nd2 c5 4. exd5 Qxd5 5. Ngf3 cxd4 6. Bc4 Qd6 7. O-O Nf6 8.
Nb3 Nc6 9. Nbxd4 Nxd4 10. Qxd4 Bd7 11. Be3 Qxd4 12. Bxd4 Rc8 13. Bb3 Bc5 14.
Rfe1 Ke7 15. c3 Rhd8 16. Rad1 Be8 17. Bxc5+ Rxc5 18. Nd4 Bc6 19. a3 g6 20. Bc2
Bd5 21. f3 h5 22. g3 Rcc8 23. h4 Ne8 24. Re3 Nd6 25. b4 Nc4 26. Ree1 Nxa3 27.
Re3 Nxc2 28. Nxc2 Bb3 29. Rxd8 Rxd8 30. Nd4 Bc4 31. Kf2 a5 32. bxa5 Rd5 33. Re4
Rc5 34. g4 Rxa5 35. Nf5+ gxf5 36. Rxc4 hxg4 37. fxg4 fxg4 38. Rxg4 Rc5 39. Rg3
Rh5 40. Rg4 f5 41. Rb4 Kf6 42. Kf3 Rh7 43. Kf2 Rc7 44. Ke2 Rxc3 45. Rxb7 f4 46.
Kf2 Rh3 47. Rh7 e5 48. Rh6+ Kf5 49. Rh5+ Ke4 50. Rh6 Rh2+ 51. Kg1 Re2 52. h5
Kf3 53. Rg6 Rd2 54. h6 Rd1+ 55. Kh2 Rd7 56. Rg1 Rd6 0-1

[Event "MCRE_PF18"]
[Site "?"]
[Date "2004.??.??"]
[Round "?"]
[White "Splichal, Josef"]
[Black "Koci, Vladimir"]
[Result "1-0"]
[WhiteElo "2279"]
[BlackElo "2270"]
[PlyCount "59"]
[EventDate "2004.??.??"]
[EventType "corr"]
[EventRounds "2"]
[SourceDate "2005.03.12"]

1. e4 g6 2. d4 Bg7 3. Nc3 e6 4. Nf3 Ne7 5. h4 h5 6. Be2 d5 7. Bg5 f6 8. Bf4
dxe4 9. Nxe4 Nbc6 10. c3 b6 11. O-O Bb7 12. Re1 Nd5 13. Bd2 Qd7 14. Qc2 O-O-O
15. b4 g5 16. b5 Nce7 17. c4 Nf4 18. Bxf4 gxf4 19. c5 Bd5 20. cxb6 axb6 21. Nc3
Kb8 22. a4 Bf8 23. a5 Bb7 24. Qa4 Rg8 25. axb6 Nc8 26. d5 e5 27. Ne4 Be7 28.
bxc7+ Qxc7 29. b6 Qd7 30. Bb5 1-0

[Event "MCRE_PF18"]
[Site "?"]
[Date "2004.??.??"]
[Round "?"]
[White "Splichal, Josef"]
[Black "Kohler, Josef"]
[Result "1-0"]
[WhiteElo "2279"]
[BlackElo "2253"]
[PlyCount "103"]
[EventDate "2004.??.??"]
[EventType "corr"]
[EventRounds "2"]
[SourceDate "2005.03.12"]

1. e4 c5 2. Nf3 Nc6 3. d4 cxd4 4. Nxd4 Nf6 5. Nc3 e5 6. Ndb5 d6 7. Bg5 a6 8.
Na3 b5 9. Bxf6 gxf6 10. Nd5 f5 11. Bd3 Be6 12. Qh5 Bg7 13. O-O f4 14. c4 bxc4
15. Bxc4 O-O 16. Rac1 Rb8 17. b3 Qd7 18. Rfd1 Kh8 19. Qh4 f5 20. Nxf4 exf4 21.
Bxe6 Qxe6 22. Rxc6 fxe4 23. Rcxd6 Qe8 24. Nc4 e3 25. fxe3 fxe3 26. Re1 Qf7 27.
Nxe3 Rbe8 28. h3 Bf6 29. Qf2 Bg5 30. Qxf7 Rxf7 31. Rd3 Rfe7 32. Kf2 Bh4+ 33. g3
Rf8+ 34. Ke2 Bxg3 35. Rf1 Rfe8 36. Rf3 Bb8 37. Kd2 Re4 38. Kc3 Be5+ 39. Kc2 Bb8
40. a4 Bf4 41. Nc4 R8e6 42. Rd7 Kg8 43. Kd3 Bg5 44. Rd6 Re1 45. Rxe6 Rxe6 46.
Rg3 Rg6 47. Ke4 Rg7 48. b4 Kf8 49. Kd5 Ke7 50. Nd6 Rg8 51. Kc5 Rg6 52. Ne4 1-0

[Event "MCRE_PF18"]
[Site "?"]
[Date "2004.??.??"]
[Round "?"]
[White "Splichal, Josef"]
[Black "Thoma, Otomar"]
[Result "1/2-1/2"]
[WhiteElo "2279"]
[BlackElo "2273"]
[PlyCount "76"]
[EventDate "2004.??.??"]
[EventType "corr"]
[EventRounds "2"]
[SourceDate "2005.03.12"]

1. e4 c5 2. Nf3 Nc6 3. d4 cxd4 4. Nxd4 Nf6 5. Nc3 e5 6. Ndb5 d6 7. Bg5 a6 8.
Na3 b5 9. Bxf6 gxf6 10. Nd5 Bg7 11. Bd3 Ne7 12. Nxe7 Qxe7 13. c4 f5 14. O-O O-O
15. cxb5 d5 16. exd5 e4 17. Qe2 Qf6 18. Bc4 Qxb2 19. Nc2 axb5 20. Rab1 Qf6 21.
Rxb5 f4 22. Qd2 f3 23. Re1 Bd7 24. Rb7 Rfc8 25. Ne3 Qd6 26. Reb1 fxg2 27. Qb4
Qf4 28. Nxg2 Qg4 29. Qe7 Rxc4 30. Rxd7 Rf8 31. Rd8 Rc2 32. a4 Rd2 33. Rf1 h6
34. Rxf8+ Bxf8 35. Qe5 Bc5 36. Qg3 Qxg3 37. hxg3 Rxd5 38. Rc1 Bb6 1/2-1/2

[Event "MCRE_PF18"]
[Site "?"]
[Date "2004.??.??"]
[Round "?"]
[White "Splichal, Josef"]
[Black "Toman, Antonin"]
[Result "1/2-1/2"]
[WhiteElo "2279"]
[BlackElo "2199"]
[PlyCount "122"]
[EventDate "2004.??.??"]
[EventType "corr"]
[EventRounds "2"]
[SourceDate "2005.03.12"]

1. e4 e5 2. Nf3 Nf6 3. d4 Nxe4 4. Bd3 d5 5. Nxe5 Nd7 6. Nxd7 Bxd7 7. O-O Bd6 8.
Nc3 Qh4 9. g3 Nxc3 10. bxc3 Qg4 11. Re1+ Kd8 12. Be2 Qf5 13. Rb1 b6 14. Be3 Re8
15. Bd3 Qg4 16. Be2 Qf5 17. Bd3 Qg4 18. Qxg4 Bxg4 19. c4 c6 20. cxd5 cxd5 21.
Rb5 Bf3 22. Be2 Be4 23. c3 f6 24. f3 Bb1 25. Kf2 Bxa2 26. Ra1 Bc4 27. Bxc4 dxc4
28. Rxb6 Bc7 29. Rb4 a5 30. Rxc4 Rb8 31. Ra2 Rb5 32. Re2 Rb3 33. d5 Kd7 34. Ra2
h5 35. f4 Reb8 36. Kf3 R8b5 37. Rd2 Rb1 38. Ra4 Rf1+ 39. Kg2 Rbb1 40. d6 Bd8
41. c4 g6 42. c5 Kc6 43. Raa2 g5 44. Rdb2 g4 45. Bd4 f5 46. Rxb1 Rxb1 47. Kf2
h4 48. Ke2 Rb4 49. Be3 a4 50. Kd2 Bf6 51. Bf2 h3 52. Kd3 Bb2 53. Be1 Rd4+ 54.
Kc2 a3 55. Kb3 Kb5 56. Kc2 Rc4+ 57. Kb3 Re4 58. Bd2 Rd4 59. Be1 Re4 60. Bd2 Rd4
61. Be1 Re4 1/2-1/2

[Event "MCRE_PF18"]
[Site "?"]
[Date "2004.??.??"]
[Round "?"]
[White "Splichal, Josef"]
[Black "Zahour, Jiri"]
[Result "1/2-1/2"]
[WhiteElo "2279"]
[BlackElo "2212"]
[PlyCount "126"]
[EventDate "2004.??.??"]
[EventType "corr"]
[EventRounds "2"]
[SourceDate "2005.03.12"]

1. e4 Nf6 2. e5 Nd5 3. d4 d6 4. c4 Nb6 5. f4 Bf5 6. Nc3 e6 7. Be3 dxe5 8. fxe5
Bb4 9. Nf3 c5 10. Be2 Nc6 11. O-O cxd4 12. Nxd4 Nxd4 13. Bxd4 Rc8 14. b3 O-O
15. Qd2 Nd7 16. Qe3 a6 17. Nd5 Bc5 18. Bxc5 Rxc5 19. Rad1 Bg6 20. Nf4 Rxe5 21.
Qd4 Qb6 22. Qxb6 Nxb6 23. Nxg6 hxg6 24. Bf3 a5 25. Bxb7 Rb8 26. Bf3 Kf8 27. Rd3
Ke7 28. Rfd1 Rc5 29. Kf2 Rc7 30. Rd6 Nd5 31. Ra6 Nc3 32. Rd2 a4 33. Rc2 axb3
34. Rxc3 b2 35. Be4 b1=Q 36. Bxb1 Rxb1 37. Rc2 Rb4 38. c5 Rb5 39. c6 Kd6 40. a4
Rc5 41. Rd2+ Ke7 42. a5 R7xc6 43. Ra7+ Rc7 44. Ra8 e5 45. h3 g5 46. a6 Ra5 47.
Rb2 Kf6 48. Kg3 Kg6 49. Rd2 f6 50. Rb2 Rc6 51. Rb7 Raxa6 52. Rg8 Kf5 53. Rgxg7
Rc3+ 54. Kh2 Ra2 55. Rb4 Rcc2 56. Rg4 e4 57. Re7 Re2 58. Rg3 Ra5 59. Rd7 Rf2
60. Rb7 Re5 61. Rb1 Rd5 62. Ra1 Rb2 63. Rf1+ Ke5 1/2-1/2

[Event "MCRE_PF18"]
[Site "?"]
[Date "2004.??.??"]
[Round "?"]
[White "Thoma, Otomar"]
[Black "Glembek, Bohumir"]
[Result "1/2-1/2"]
[WhiteElo "2273"]
[BlackElo "2120"]
[PlyCount "124"]
[EventDate "2004.??.??"]
[EventType "corr"]
[EventRounds "2"]
[SourceDate "2005.03.12"]

1. c4 Nf6 2. d4 g6 3. Nf3 Bg7 4. Nc3 d5 5. Bf4 O-O 6. e3 c6 7. Qb3 dxc4 8. Bxc4
Nbd7 9. O-O Nb6 10. Be2 Nh5 11. Bg5 Be6 12. Qc2 h6 13. Bh4 Bf5 14. e4 Bg4 15.
Rad1 g5 16. h3 Be6 17. Bxg5 hxg5 18. Nxg5 Nf4 19. d5 Bd7 20. e5 f5 21. dxc6
bxc6 22. e6 Bh6 23. Nf7 Rxf7 24. exf7+ Kxf7 25. Bf3 Qc7 26. Rfe1 Rc8 27. Ne2
Nbd5 28. Nxf4 Bxf4 29. g3 Bg5 30. Bxd5+ cxd5 31. Qxc7 Rxc7 32. Rxd5 Be6 33.
Rde5 Bxa2 34. Rxf5+ Bf6 35. h4 e6 36. Rf4 Bd5 37. Ra1 Kg6 38. Rg4+ Kh6 39. Rga4
Rc2 40. Rxa7 Bd4 41. Rf7 Kg6 42. Rf8 Rxb2 43. Re1 e5 44. g4 Bf7 45. Rf1 Kg7 46.
Rc8 Bd5 47. Rc7+ Kg6 48. Rd7 Bf3 49. Rd6+ Kf7 50. g5 Ke7 51. Rf6 e4 52. Rf5 Ke6
53. Rf8 Bg7 54. Rf4 Be5 55. Rf8 Ke7 56. Rf5 Rb5 57. Rc1 Bh2+ 58. Kxh2 Rxf5 59.
Kg3 Rf8 60. Rc5 Rh8 61. Ra5 Ke6 62. Ra6+ Kf5 1/2-1/2

[Event "MCRE_PF18"]
[Site "?"]
[Date "2004.??.??"]
[Round "?"]
[White "Thoma, Otomar"]
[Black "Houska, Jiri"]
[Result "1/2-1/2"]
[WhiteElo "2273"]
[BlackElo "2200"]
[PlyCount "87"]
[EventDate "2004.??.??"]
[EventType "corr"]
[EventRounds "2"]
[SourceDate "2005.03.12"]

1. e4 e6 2. d4 d5 3. Nc3 Bb4 4. e5 Qd7 5. a3 Bxc3+ 6. bxc3 b6 7. Qg4 f5 8. Qg3
Ba6 9. Bxa6 Nxa6 10. Ne2 O-O-O 11. a4 Nb8 12. a5 Nc6 13. Qd3 Nxa5 14. Qa6+ Kb8
15. Bg5 Re8 16. c4 Ne7 17. cxd5 exd5 18. Bd2 Nec6 19. O-O Nc4 20. Rfd1 Rhg8 21.
Nf4 Rd8 22. Nd3 Ka8 23. Bc3 g5 24. Rdb1 Qc8 25. Qa4 Rg6 26. f4 h6 27. Nb4 N6a5
28. Nd3 Rdg8 29. Bxa5 Nxa5 30. c3 c6 31. Rb2 R8g7 32. Rba2 Qg8 33. Qb4 Nc4 34.
Re1 Kb8 35. Rae2 Kc8 36. e6 Qe8 37. e7 Rf6 38. Qb3 Rff7 39. Qa4 a5 40. Re6 Rxe7
41. Rxe7 Rxe7 42. Rxe7 Qxe7 43. Qxc6+ Kb8 44. Qxd5 1/2-1/2

[Event "MCRE_PF18"]
[Site "?"]
[Date "2004.??.??"]
[Round "?"]
[White "Thoma, Otomar"]
[Black "Koci, Vladimir"]
[Result "1-0"]
[WhiteElo "2273"]
[BlackElo "2270"]
[PlyCount "85"]
[EventDate "2004.??.??"]
[EventType "corr"]
[EventRounds "2"]
[SourceDate "2005.03.12"]

1. e4 g6 2. d4 Bg7 3. Nf3 e6 4. Nc3 Ne7 5. Bd3 d5 6. Bf4 dxe4 7. Nxe4 Nbc6 8.
c3 Nd5 9. Bg5 f6 10. Bd2 O-O 11. O-O b6 12. Qb3 Bb7 13. Rfe1 Qd7 14. Rad1 Nd8
15. c4 Ne7 16. d5 a5 17. Nc3 a4 18. Qb4 Ndc6 19. Qa3 Ne5 20. Nxe5 fxe5 21. Bg5
Rf7 22. Bxe7 Qxe7 23. Qxe7 Rxe7 24. dxe6 Rxe6 25. c5 Rf6 26. Bc4+ Kh8 27. Rd7
Rc8 28. Bd5 Bxd5 29. Nxd5 Re6 30. Rc1 bxc5 31. Rxc5 e4 32. Nxc7 Bf8 33. Nxe6
Bxc5 34. Kf1 Bb4 35. g4 h5 36. gxh5 gxh5 37. Rd4 Rc1+ 38. Kg2 e3 39. fxe3 Rc2+
40. Kf3 Rxb2 41. Nf4 Bc3 42. Rc4 Bg7 43. Nxh5 1-0

[Event "MCRE_PF18"]
[Site "?"]
[Date "2004.??.??"]
[Round "?"]
[White "Thoma, Otomar"]
[Black "Kohler, Josef"]
[Result "1-0"]
[WhiteElo "2273"]
[BlackElo "2253"]
[PlyCount "33"]
[EventDate "2004.??.??"]
[EventType "corr"]
[EventRounds "2"]
[SourceDate "2005.03.12"]

1. e4 c5 2. Nf3 d6 3. d4 cxd4 4. Nxd4 Nf6 5. Nc3 a6 6. Bg5 e6 7. f4 Qb6 8. Nb3
Nbd7 9. Qf3 Be7 10. O-O-O Qc7 11. Bd3 h6 12. Bh4 g5 13. fxg5 Ne5 14. Qe2 Nfg4
15. Nd4 hxg5 16. Bg3 Nf2 17. Qxf2 1-0

[Event "MCRE_PF18"]
[Site "?"]
[Date "2004.??.??"]
[Round "?"]
[White "Thoma, Otomar"]
[Black "Splichal, Josef"]
[Result "1/2-1/2"]
[WhiteElo "2273"]
[BlackElo "2279"]
[PlyCount "73"]
[EventDate "2004.??.??"]
[EventType "corr"]
[EventRounds "2"]
[SourceDate "2005.03.12"]

1. d4 Nf6 2. c4 c5 3. d5 e6 4. Nf3 exd5 5. cxd5 d6 6. Nc3 g6 7. e4 Bg7 8. h3
O-O 9. Bd3 Re8 10. O-O a6 11. a4 b6 12. Bf4 Nh5 13. Bh2 Bh6 14. e5 dxe5 15.
Nxe5 Bf4 16. Nc4 Bb7 17. Be2 Bxh2+ 18. Kxh2 Nf6 19. Bf3 Nbd7 20. Kg1 Ne5 21.
Nxe5 Rxe5 22. Re1 Qd6 23. Rxe5 Qxe5 24. Qd2 Re8 25. Rd1 Kg7 26. Qd3 Qd6 27. Ne4
Nxe4 28. Bxe4 Qe5 29. Bf3 Qxb2 30. d6 Bxf3 31. d7 Rd8 32. Qxf3 Qf6 33. Qb7 Qe7
34. Qxa6 Rxd7 35. Rxd7 Qxd7 36. Qxb6 Qxa4 37. Qxc5 1/2-1/2

[Event "MCRE_PF18"]
[Site "?"]
[Date "2004.??.??"]
[Round "?"]
[White "Thoma, Otomar"]
[Black "Toman, Antonin"]
[Result "1-0"]
[WhiteElo "2273"]
[BlackElo "2199"]
[PlyCount "51"]
[EventDate "2004.??.??"]
[EventType "corr"]
[EventRounds "2"]
[SourceDate "2005.03.12"]

1. e4 d5 2. exd5 Nf6 3. d4 Nxd5 4. c4 Nb6 5. Nf3 Bg4 6. Be2 e6 7. O-O Nc6 8.
Nc3 Be7 9. d5 exd5 10. cxd5 Nb4 11. Qd4 Bxf3 12. Qxg7 Bf6 13. Bb5+ c6 14. Re1+
Kd7 15. Qxf7+ Kc8 16. Qe6+ Nd7 17. dxc6 Bxc6 18. Bf4 Qg8 19. Qh3 h5 20. Re4 a5
21. Rc1 Qg4 22. Qe3 Rg8 23. g3 Kd8 24. Bxc6 bxc6 25. a3 Bxc3 26. Qxc3 1-0

[Event "MCRE_PF18"]
[Site "?"]
[Date "2004.??.??"]
[Round "?"]
[White "Thoma, Otomar"]
[Black "Zahour, Jiri"]
[Result "1/2-1/2"]
[WhiteElo "2273"]
[BlackElo "2212"]
[PlyCount "84"]
[EventDate "2004.??.??"]
[EventType "corr"]
[EventRounds "2"]
[SourceDate "2005.03.12"]

1. e4 Nf6 2. e5 Nd5 3. d4 d6 4. Nf3 g6 5. Bc4 Nb6 6. Bb3 Nc6 7. exd6 cxd6 8. d5
Na5 9. Qd4 Rg8 10. O-O Bg7 11. Qb4 Nxb3 12. Qxb3 Bg4 13. Re1 Qd7 14. Na3 Qa4
15. Qd3 O-O-O 16. Rxe7 Bf5 17. Qd2 Kb8 18. b3 Qa6 19. Nd4 Bxd4 20. Qxd4 Rge8
21. Rxe8 Rxe8 22. Bb2 Qa5 23. h3 Qxd5 24. c4 Qxd4 25. Bxd4 Bd7 26. Rd1 Nc8 27.
Be3 Kc7 28. Nc2 b5 29. cxb5 Bxb5 30. Rc1 Kb7 31. a4 Bd7 32. Nd4 Nb6 33. Rd1 Nd5
34. Nb5 Nxe3 35. Nxd6+ Kc6 36. fxe3 Rxe3 37. Nxf7 Kc7 38. Rc1+ Kb8 39. Rb1 Bc6
40. Kf2 Rc3 41. Rb2 Bd5 42. Nd6 Rxb3 1/2-1/2

[Event "MCRE_PF18"]
[Site "?"]
[Date "2004.??.??"]
[Round "?"]
[White "Toman, Antonin"]
[Black "Glembek, Bohumir"]
[Result "1/2-1/2"]
[WhiteElo "2199"]
[BlackElo "2120"]
[PlyCount "121"]
[EventDate "2004.??.??"]
[EventType "corr"]
[EventRounds "2"]
[SourceDate "2005.03.12"]

1. e4 Nf6 2. e5 Nd5 3. d4 d6 4. c4 Nb6 5. f4 dxe5 6. fxe5 Bf5 7. Nc3 e6 8. Nf3
Bg4 9. c5 Nd5 10. Be2 Nc6 11. O-O Qd7 12. Nxd5 Qxd5 13. Be3 Be7 14. b4 a6 15.
Qd2 f6 16. h3 Bf5 17. Qc3 fxe5 18. Nxe5 Nxe5 19. dxe5 O-O 20. Rad1 Qc6 21. Qb3
a5 22. b5 Qe4 23. Bc4 Qxe5 24. Rxf5 Rxf5 25. Bxe6+ Kh8 26. Bxf5 Qxf5 27. Qd5
Qxd5 28. Rxd5 Rd8 29. Rxd8+ Bxd8 30. c6 bxc6 31. bxc6 Kg8 32. a4 Kf7 33. Bd2
Ke6 34. Bxa5 Kd5 35. Kf2 Kxc6 36. Ke3 Bg5+ 37. Kd4 Kb7 38. Kd5 c6+ 39. Kd6 Bf6
40. g4 Bd4 41. h4 Bf2 42. h5 g6 43. hxg6 hxg6 44. Bd2 Kb6 45. Ke5 c5 46. Kd5
Ka6 47. Bc1 Ka5 48. Ba3 Kxa4 49. Bxc5 Bg3 50. Bd6 Be1 51. Kc4 Bf2 52. Be5 Be3
53. Bf6 Ka5 54. Kd5 Kb5 55. Be7 Bd2 56. Ke6 Kc4 57. Kf6 Kd3 58. Kxg6 Ke4 59.
Kh5 Kf3 60. Bg5 Bc3 61. Bc1 1/2-1/2

[Event "MCRE_PF18"]
[Site "?"]
[Date "2004.??.??"]
[Round "?"]
[White "Toman, Antonin"]
[Black "Houska, Jiri"]
[Result "1-0"]
[WhiteElo "2199"]
[BlackElo "2200"]
[PlyCount "99"]
[EventDate "2004.??.??"]
[EventType "corr"]
[EventRounds "2"]
[SourceDate "2005.03.12"]

1. e4 e6 2. d4 d5 3. Nd2 c5 4. exd5 Qxd5 5. Ngf3 cxd4 6. Bc4 Qd6 7. Qe2 Nf6 8.
Nb3 Nc6 9. Bg5 a6 10. O-O-O b5 11. Bd3 Be7 12. Nbxd4 Nxd4 13. Nxd4 Qd5 14. Bxf6
Bxf6 15. Kb1 Qc5 16. Be4 Ra7 17. Bc6+ Kf8 18. Qe3 Kg8 19. Rd3 h5 20. Rhd1 Rc7
21. Be4 g6 22. c3 Kg7 23. Qe1 e5 24. Nc2 Be6 25. Nb4 Ra7 26. f3 Rc8 27. Nd5 Qc4
28. h3 a5 29. g4 hxg4 30. hxg4 Bg5 31. Qg3 f6 32. b3 Qc5 33. Rh1 Rh8 34. Rxh8
Kxh8 35. f4 exf4 36. Nxf4 Bxf4 37. Qxf4 Kg7 38. Rh3 Qg1+ 39. Kb2 Qxg4 40. Qh6+
Kf7 41. Qh7+ Kf8 42. Qh8+ Bg8 43. Qxf6+ Rf7 44. Qd6+ Kg7 45. Qe5+ Kf8 46. Rd3
Rf2+ 47. Ka3 Qh4 48. Rd7 Bf7 49. Qxb5 Qh2 50. Qc5+ 1-0

[Event "MCRE_PF18"]
[Site "?"]
[Date "2004.??.??"]
[Round "?"]
[White "Toman, Antonin"]
[Black "Koci, Vladimir"]
[Result "1-0"]
[WhiteElo "2199"]
[BlackElo "2270"]
[PlyCount "63"]
[EventDate "2004.??.??"]
[EventType "corr"]
[EventRounds "2"]
[SourceDate "2005.03.12"]

1. e4 g6 2. d4 Bg7 3. Nf3 e6 4. Nc3 Ne7 5. Bf4 a6 6. Qd2 d5 7. Bh6 O-O 8. Bxg7
Kxg7 9. e5 c5 10. dxc5 Nd7 11. h4 h5 12. O-O-O Nxc5 13. g4 hxg4 14. Nh2 Nf5 15.
Nxg4 b5 16. Bg2 Qe7 17. h5 Bb7 18. Nf6 Rh8 19. Ne2 Nd7 20. Nxd7 Qxd7 21. Be4
Qc7 22. Bxf5 gxf5 23. Qg5+ Kf8 24. Qf6 Rh7 25. Nf4 Ke8 26. Rhg1 Rc8 27. Rg8+
Kd7 28. Rxc8 Kxc8 29. Rg1 Kb8 30. h6 d4 31. Nd3 Be4 32. Kd2 1-0

[Event "MCRE_PF18"]
[Site "?"]
[Date "2004.??.??"]
[Round "?"]
[White "Toman, Antonin"]
[Black "Kohler, Josef"]
[Result "1/2-1/2"]
[WhiteElo "2199"]
[BlackElo "2253"]
[PlyCount "78"]
[EventDate "2004.??.??"]
[EventType "corr"]
[EventRounds "2"]
[SourceDate "2005.03.12"]

1. e4 c5 2. b3 Nc6 3. Bb2 d6 4. Nf3 e6 5. d4 cxd4 6. Nxd4 a6 7. Bd3 e5 8. Nxc6
bxc6 9. O-O Nf6 10. Nd2 Be7 11. Nc4 O-O 12. f4 exf4 13. Rxf4 d5 14. exd5 cxd5
15. Ne5 Re8 16. Qf3 Bd6 17. Re1 Re6 18. c4 Qc7 19. Rf5 Bb7 20. Qh3 h6 21. Rxf6
Rxf6 22. Ng4 Bc5+ 23. Kh1 Rb6 24. Nf6+ Rxf6 25. Bxf6 Qf4 26. Be5 Re8 27. Qd7
Rxe5 28. Rf1 Qxf1+ 29. Bxf1 Re1 30. g4 Rxf1+ 31. Kg2 Rg1+ 32. Kh3 g5 33. Qxb7
h5 34. gxh5 Bf2 35. Qc8+ Kg7 36. h6+ Kxh6 37. Qh8+ Kg6 38. Qg8+ Kh6 39. Qh8+
Kg6 1/2-1/2

[Event "MCRE_PF18"]
[Site "?"]
[Date "2004.??.??"]
[Round "?"]
[White "Toman, Antonin"]
[Black "Splichal, Josef"]
[Result "1/2-1/2"]
[WhiteElo "2199"]
[BlackElo "2279"]
[PlyCount "109"]
[EventDate "2004.??.??"]
[EventType "corr"]
[EventRounds "2"]
[SourceDate "2005.03.12"]

1. e4 e5 2. Nc3 Nf6 3. f4 d5 4. fxe5 Nxe4 5. d3 Nxc3 6. bxc3 d4 7. Nf3 Nc6 8.
cxd4 Bb4+ 9. Bd2 Bxd2+ 10. Qxd2 Nxd4 11. c3 Nxf3+ 12. gxf3 Qh4+ 13. Qf2 Qe7 14.
d4 f6 15. O-O-O fxe5 16. Re1 Be6 17. Rxe5 O-O-O 18. h4 Rhf8 19. Rxe6 Qxe6 20.
Bh3 Rf5 21. Re1 Qf6 22. Re5 g6 23. Qe1 Kb8 24. Bxf5 gxf5 25. Re8 b6 26. Re6 Qg7
27. Re7 Qh6+ 28. Kb2 Qf4 29. Rxh7 Qxf3 30. Re7 Rg8 31. Re8+ Rxe8 32. Qxe8+ Kb7
33. h5 f4 34. h6 Qg2+ 35. Kb3 Qh1 36. Qe6 Qb1+ 37. Ka3 f3 38. d5 Ka6 39. Qf7
Qd3 40. Kb3 Qb5+ 41. Ka3 Qc5+ 42. Kb2 f2 43. h7 Qb5+ 44. Ka3 f1=Q 45. Qxf1 Qxf1
46. h8=Q Qc1+ 47. Ka4 Qf4+ 48. Kb3 b5 49. Qg7 Kb6 50. Qg1+ Kb7 51. Qg2 Qc4+ 52.
Kb2 b4 53. cxb4 Qxb4+ 54. Kc2 Qc4+ 55. Kb2 1/2-1/2